000 01710nam0a2200361 4500
001 RU\NLR\BIBL_A\022640041
005 20260420054606.0
010 _a978-5-04-211676-6
_93000
021 _aRU
_bКН-П-25-050339
_9КН-П-25-4869
035 _a(NLR Aleph) 022640041
090 _a13685258
_c13685258
100 _a20251009d2025 d y0rusy50 ca
101 0 _arus
_ceng
102 _aRU
105 _aa z 000ay
181 0 _ai
_baxxe
182 0 _an
200 1 _aРобинзон Крузо
_eжизнь и удивительные приключения
_e[для среднего школьного возраста]
_fДаниель Дефо
_gиллюстрации Владимира Канивца
_g[перевод с английского Марии Шишмарёвой (в сокращении)]
203 _aТекст
_aИзображение
_bвизуальные
_cнепосредственные
210 _aМосква
_c#эксмодетство
_d2025
215 _a250, [3] с.
_cцв. ил.
_d26
300 _aВ вып. дан. загл.: Жизнь и удивительные приключения Робинзона Круза
320 _aДругие кн. авт. в конце кн.
333 _a6+
517 1 _aЖизнь и удивительные приключения Робинзона Круза
686 0 _aШ9(4Вл)62-4
700 1 _7ca
_8rus
_aДефо
_bД.
_fок.1660-1731
_gДаниель
_9912
_3RU\NLR\AUTH\7717827
702 1 _aКанивец
_bВ. М.
_f1957-
_gВладимир Михайлович
_4440
942 _cBOOK
980 _aNB